| 000 | 00699nam a2200229 a 4500 | ||
|---|---|---|---|
| 008 | |||
| 049 | _aMAIN | ||
| 090 | _aHB171.5 MAR | ||
| 100 | 1 | _aMartin, Richard S. | |
| 245 | 1 | 0 |
_aPrologue to economic understanding _cRichard S. Martin and Reuben G. Miller. |
| 260 |
_aColumbus, Ohio : _bC.E. Merrill Books, _c1966 |
||
| 300 |
_avi, 98 p. ; _c23 cm. |
||
| 440 | _aSocial science perspectives. | ||
| 504 | _aIncludes bibliographical references: p. 86-97. | ||
| 650 | 0 | _aEconomics. | |
| 700 | 1 | _aMiller, Reuben G. | |
| 907 |
_a.b10036489 _b17-01-07 _c17-04-03 |
||
| 003 | |||
| 005 | 20230123133200.0 | ||
| 040 | _cNUST | ||
| 942 |
_cBOOKS _kHB171.5 MAR |
||
| 999 |
_c144148 _d144148 |
||